Loading...
| Fine Arts - Painting and Sculpture | 0 | 5 | 0 | 2 | 50 | 117 | 128.40 | 0 | 2 | 0.00 | 0.00 |
| Literature - American | 0 | 5 | 1 | 0 | 45 | 64 | 101.00 | 1 | 3 | 0.00 | 0.00 |
| Literature - British | 0 | 5 | 1 | 1 | 45 | 124 | 137.20 | 1 | 3 | 0.00 | 0.00 |
| Literature - European | 0 | 5 | 2 | 2 | 40 | 97 | 124.00 | 0 | 3 | 0.00 | 0.00 |
| Fine Arts - Classical Music | 0 | 4 | 0 | 0 | 40 | 85 | 111.75 | 1 | 3 | 0.00 | 0.00 |
| Literature - World | 0 | 2 | 0 | 0 | 20 | 64 | 96.50 | 2 | 2 | 0.00 | 0.00 |
| Science - Physics | 0 | 2 | 0 | 0 | 20 | 95 | 111.50 | 0 | 1 | 0.00 | 0.00 |
| Philosophy | 0 | 2 | 1 | 1 | 15 | 125 | 125.00 | 1 | 1 | 0.00 | 0.00 |
| Religion | 0 | 2 | 1 | 2 | 15 | 115 | 126.50 | 0 | 0 | 0.00 | 0.00 |
| Science - Biology | 0 | 1 | 0 | 0 | 10 | 132 | 132.00 | 0 | 0 | 0.00 | 0.00 |
| Fine Arts - Other | 0 | 2 | 2 | 1 | 10 | 97 | 119.00 | 0 | 1 | 0.00 | 0.00 |
| Social Science | 0 | 1 | 1 | 0 | 5 | 94 | 94.00 | 0 | 0 | 0.00 | 0.00 |
| Science - Chemistry | 0 | 0 | 1 | 0 | -5 | 0.00 | 0 | 0 | 0.00 | 0.00 |